000 02692cam a2200289 4500500
005 20260208031828.0
041 _afre
042 _adc
100 1 0 _aDabrowska, Elzbieta
_eauthor
245 0 0 _aPasseport pour l'au-delà. Essai sur la mentalité médiévale
260 _c2005.
500 _a78
520 _aLa présence, au Moyen Âge, de dépôts funéraires dans les tombes a longtemps été considérée comme un indice du paganisme. Pourtant, dans les sépultures de prêtres, de moines et même de dignitaires ecclésiastiques, ont été parfois placés, en plus des vêtements et des insignes habituels, des objets, voire des textes. Il s’agit d’hostie et de vin, consacrés ou non, de reliques, de croix ou d’autres objets portant la formule d’absolution, le texte du Credo ou des bulles pontificales. S’agit-il alors d’usages superstitieux ou de pratiques funéraires véritablement chrétiennes ? La réponse est claire : tous ces usages ont comme point de départ les Saintes Écritures et les canons de la foi. Ils sont tous adressés au Seigneur. Leur objet est de convaincre, directement ou indirectement, que le défunt a reçu l’absolution de ses péchés et mérite le salut. En ce sens, on est autorisé à le qualifier de « passeport pour l’au-delà ».
520 _aE. DABROWSKA, Passport to the Great Beyond. Essay on medieval mentality The presence of funeral deposits in medieval graves was long considered evidence of paganism. Yet objects, sometimes even texts were at times left in the graves of priests, monks, or church prelates, beyond the usual vestments and insignia. These objects consisted mainly of wafers and wine, whether consecrated or not, relics, crosses and other objects along with the absolution formula, the text of the Credo, or papal bulls. Was this a supertitious practice or part of a truly Christian ritual? The answer is clear : all these practices are based on Holy Scriptures and the canons of the faith. They are dedicated to the Lord. Their function is to carry the message that the dead person was absolved of his sins and is thus worthy of redemption. In this respect, they can be called a « passport to the great Beyond».
690 _aabsolution
690 _abulles papales
690 _acommunio mortuorum
690 _aCredo
690 _apratiques funéraires
690 _aabsolution
690 _acommunio mortuorum
690 _aCredo
690 _apapal bulls
690 _apratiques funéraires
786 0 _nLe Moyen Age | CXI | 2 | 2005-09-01 | p. 313-337 | 0027-2841
856 4 1 _uhttps://shs.cairn.info/revue-le-moyen-age-2005-2-page-313?lang=fr&redirect-ssocas=7080
999 _c1662030
_d1662030